00375nam a22001217a 4500008004100000020001900041050002400060100002900084245008500113250001200198260002900210300001400239230309b |||||||| |||| 00| 0 eng d a978-1305972544 aHF5387.5b.J46 2018 aJennings, Marianne Moody aBusiness ethics :bCase studies and selected readings/ cMarianne Moody Jennings a9th ed. aAustraliabCengagec2018 axx, 614p.